000 00379cam a2200157ua 4500
041 _aeng
_h
082 _a778.53
_bBAR/IN
100 _aBarnow, Erick .
245 _aIndian film /
_cErick Barnow.
_hTextual Documents
260 _aBombay :
_bOrient-Longman Ltd ,
_c1963.
300 _a301 ; .
504 _a
700 1 _aKrishnaswami, S .
942 _cBK
999 _c478
_d478